000 00200 a2200097 4500
001 18279
100 _aKrech,
245 _aIndividual in society
260 _a
_bMcGraw-Hill
_c
090 _c13573
_d13573
942 _aNUST-CAE
_cM
_c3973
999 _c253352
_d253352